[Event "MNT-chT 1st League"]
[Site "Podgorica"]
[Date "2018.09.09"]
[Round "3.1"]
[White "Andjic, Milonja"]
[Black "Savovic, Dragan"]
[Result "0-1"]
[WhiteElo "1980"]
[BlackElo "2196"]
[PlyCount "70"]
[EventDate "2018.09.07"]
[EventType "team-tourn"]
[EventRounds "9"]
[EventCountry "MNE"]
[SourceTitle "CBM 187 Extra"]
[Source "ChessBase"]
[SourceDate "2018.11.04"]
[SourceVersion "1"]
[SourceVersionDate "2018.11.04"]
[SourceQuality "1"]
[WhiteTeam "Berane"]
[BlackTeam "Cetinje"]
[WhiteTeamCountry "MNE"]
[BlackTeamCountry "MNE"]

1. e4 c5 2. Nf3 e6 3. d4 cxd4 4. Nxd4 Nc6 5. Be3 a6 6. c4 Nf6 7. Nc3 Bb4 8. Nxc6 bxc6 9. e5 Ne4 10. Qd3 Qa5 11. Rc1 Qxe5 12. Be2 Nxc3 13. bxc3 Be7 14. 0-0 0-0 15. Rb1 d5 16. c5 Qc7 17. f4 Qa5 18. Qd4 Bf6 19. Qb4 Bxc3 20. Qxa5 Bxa5 21. Bd4 f6 22. Rb3 Bc7 23. Bg4 e5 24. Bxc8 Raxc8 25. fxe5 fxe5 26. Bf2 Rb8 27. Rfb1 Rxb3 28. Rxb3 Rb8 29. Kf1 Rxb3 30. axb3 Kf7 31. Ke2 Ke6 32. b4 d4 33. Be1 e4 34. h3 Kd5 35. g4 Bf4 0-1

[Event "MNT-chT 1st League"]
[Site "Podgorica"]
[Date "2018.09.07"]
[Round "1.1"]
[White "Andjic, Milonja"]
[Black "Husovic, Nusret"]
[Result "1/2-1/2"]
[WhiteElo "1980"]
[BlackElo "1927"]
[PlyCount "110"]
[EventDate "2018.09.07"]
[EventType "team-tourn"]
[EventRounds "9"]
[EventCountry "MNE"]
[SourceTitle "CBM 187 Extra"]
[Source "ChessBase"]
[SourceDate "2018.11.04"]
[SourceVersion "1"]
[SourceVersionDate "2018.11.04"]
[SourceQuality "1"]
[WhiteTeam "Berane"]
[BlackTeam "Ibar"]
[WhiteTeamCountry "MNE"]
[BlackTeamCountry "MNE"]

1. e4 e5 2. Nf3 Nf6 3. Nc3 Nc6 4. d4 exd4 5. Nxd4 Nxd4 6. Qxd4 d6 7. Bc4 Be7 8. 0-0 0-0 9. Bg5 h6 10. Bh4 Bd7 11. Rad1 Bc6 12. Rfe1 a6 13. e5 dxe5 14. Qxe5 Bd6 15. Qf5 Qd7 16. Qd3 Qg4 17. Bg3 Rad8 18. Qe2 Bxg3 19. hxg3 Rfe8 20. Rxd8 Rxd8 21. Bxf7+ Kh7 22. Qxg4 Nxg4 23. f3 Nf6 24. Bc4 Re8 25. Rxe8 Bxe8 26. Bd3+ Bg6 27. Bxg6+ Kxg6 28. Kf2 Kf5 29. Ke3 c5 30. a4 b6 31. g4+ Ke6 32. Kf4 g5+ 33. Ke3 Ke5 34. g3 Ke6 35. Ne4 Nd5+ 36. Kd2 c4 37. b3 cxb3 38. cxb3 Ke5 39. Kd3 Nb4+ 40. Kd2 Nd5 41. Nc3 Nb4 42. Ne2 Nd5 43. Kd3 Nb4+ 44. Ke3 Nd5+ 45. Kd2 Nb4 46. Nc3 Kd4 47. f4 Nc6 48. f5 Ne5 49. f6 Nf7 50. b4 Ke5 51. b5 axb5 52. axb5 Kxf6 53. Nd5+ Ke6 54. Nxb6 Nd6 55. Ke3 Nxb5 1/2-1/2

[Event "EU-ch Amateur U2300"]
[Site "Niksic"]
[Date "2018.06.19"]
[Round "7"]
[White "Bukvic, Mihailo"]
[Black "Andjic, Milonja"]
[Result "1-0"]
[WhiteElo "2061"]
[BlackElo "2039"]
[PlyCount "45"]
[EventDate "2018.06.14"]
[EventType "swiss"]
[EventRounds "9"]
[EventCountry "MNE"]
[SourceTitle "CBM 185 Extra"]
[Source "ChessBase"]
[SourceDate "2018.07.29"]
[SourceVersion "1"]
[SourceVersionDate "2018.07.29"]
[SourceQuality "1"]

1. e4 c5 2. Nf3 g6 3. Nc3 Bg7 4. d4 cxd4 5. Nxd4 Nc6 6. Be3 d6 7. Qd2 Bd7 8. 0-0-0 Qa5 9. Kb1 a6 10. f3 Rc8 11. g4 Ne5 12. Nb3 Qd8 13. Nd5 Be6 14. Nb6 Rc6 15. Qf2 Bxb3 16. axb3 Nf6 17. Nc4 Nfd7 18. h4 h6 19. Be2 b5 20. Nxe5 dxe5 21. Rd2 Qc7 22. Rhd1 Nf6 23. Bb6 1-0

[Event "EU-ch Amateur U2300"]
[Site "Niksic"]
[Date "2018.06.16"]
[Round "3"]
[White "Koljevic, Nikolina"]
[Black "Andjic, Milonja"]
[Result "1-0"]
[WhiteElo "1832"]
[BlackElo "2039"]
[PlyCount "115"]
[EventDate "2018.06.14"]
[EventType "swiss"]
[EventRounds "9"]
[EventCountry "MNE"]
[SourceTitle "CBM 185 Extra"]
[Source "ChessBase"]
[SourceDate "2018.07.29"]
[SourceVersion "1"]
[SourceVersionDate "2018.07.29"]
[SourceQuality "1"]

1. e4 d5 2. exd5 Qxd5 3. Nc3 Qa5 4. d4 c6 5. Nf3 Nf6 6. Bd2 Qc7 7. h3 e6 8. Bd3 Be7 9. 0-0 0-0 10. Ne4 Nbd7 11. Nxf6+ Nxf6 12. c4 Rd8 13. Qc2 c5 14. Be3 cxd4 15. Bxd4 h6 16. Rfd1 Nd7 17. b4 Bxb4 18. Bxg7 Kxg7 19. Qb2+ Nf6 20. Qxb4 b6 21. Qc3 Bb7 22. Ne5 Qc5 23. Ng4 Qd4 24. Qxd4 Rxd4 25. Nxf6 Kxf6 26. Bf1 Rad8 27. Rdc1 Rc8 28. Rc2 Ke5 29. Re1+ Kd6 30. Rec1 Rc5 31. f3 Bc6 32. Kf2 Ba4 33. Ke3 Ke5 34. g3 Rd8 35. Rc3 Rdc8 36. f4+ Kf6 37. Ra3 Ra5 38. c5 Bc6 39. Rxa5 bxa5 40. Bd3 Ke7 41. Be4 Kd7 42. Rc3 f5 43. Bxc6+ Kxc6 44. Kd4 Kd7 45. Ke5 Ke7 46. c6 Rc7 47. g4 fxg4 48. hxg4 a4 49. a3 Kd8 50. Kf6 Rh7 51. c7+ Kc8 52. Kxe6 Rg7 53. f5 Rxg4 54. f6 h5 55. Rf3 Re4+ 56. Kd5 Re8 57. f7 Rf8 58. Ke6 1-0

[Event "EU-ch Amateur U2300"]
[Site "Niksic"]
[Date "2018.06.15"]
[Round "2"]
[White "Andjic, Milonja"]
[Black "Pobor, Milo"]
[Result "1/2-1/2"]
[WhiteElo "2039"]
[BlackElo "1901"]
[PlyCount "45"]
[EventDate "2018.06.14"]
[EventType "swiss"]
[EventRounds "9"]
[EventCountry "MNE"]
[SourceTitle "CBM 185 Extra"]
[Source "ChessBase"]
[SourceDate "2018.07.29"]
[SourceVersion "1"]
[SourceVersionDate "2018.07.29"]
[SourceQuality "1"]

1. e4 c5 2. Nf3 Nc6 3. d4 cxd4 4. Nxd4 Nf6 5. Nc3 d6 6. Bc4 e6 7. 0-0 Be7 8. Be3 a6 9. Qe2 Qc7 10. a3 0-0 11. Ba2 Bd7 12. Rad1 b5 13. f4 Nxd4 14. Bxd4 e5 15. fxe5 dxe5 16. Nd5 Nxd5 17. exd5 Bd6 18. Bf2 Rae8 19. g3 f5 20. c4 bxc4 21. Bxc4 a5 22. Bb5 Bxb5 23. Qxb5 1/2-1/2

[Event "MNT-chT1"]
[Site "Mojkovac"]
[Date "2016.10.08"]
[Round "8.2"]
[White "Pecurica, Milos"]
[Black "Andjic, Milonja"]
[Result "1/2-1/2"]
[WhiteElo "2171"]
[BlackElo "2059"]
[PlyCount "53"]
[EventDate "2016.09.09"]
[EventType "team-tourn"]
[EventRounds "9"]
[EventCountry "MNE"]
[SourceTitle "EXT 2017"]
[Source "ChessBase"]
[SourceDate "2016.10.25"]
[SourceVersion "1"]
[SourceVersionDate "2016.10.25"]
[SourceQuality "1"]

1. d4 Nf6 2. c4 e6 3. Nc3 Bb4 4. Nf3 Ne4 5. Qd3 f5 6. Nd2 Bxc3 7. bxc3 Nxd2 8. Bxd2 0-0 9. g3 Qe7 10. Bg2 d6 11. 0-0 Nd7 12. e4 Nf6 13. exf5 exf5 14. Rfe1 Qf7 15. c5 dxc5 16. dxc5 Ne4 17. Be3 Be6 18. Bd4 Bc4 19. Qc2 Bd5 20. Re3 Rae8 21. c4 Bc6 22. Rae1 Qd7 23. Bc3 Nxc3 24. Qxc3 Rxe3 25. Qxe3 Bxg2 26. Kxg2 Kf7 27. Qf3 1/2-1/2

[Event "MNT-chT1"]
[Site "Mojkovac"]
[Date "2016.09.24"]
[Round "5.3"]
[White "Andjic, Milonja"]
[Black "Rovcanin, Zeljko"]
[Result "0-1"]
[WhiteElo "2059"]
[BlackElo "2137"]
[PlyCount "104"]
[EventDate "2016.09.09"]
[EventType "team-tourn"]
[EventRounds "9"]
[EventCountry "MNE"]
[SourceTitle "EXT 2017"]
[Source "ChessBase"]
[SourceDate "2016.10.25"]
[SourceVersion "1"]
[SourceVersionDate "2016.10.25"]
[SourceQuality "1"]

1. e4 d6 2. d4 Nf6 3. Nc3 g6 4. Bg5 Bg7 5. Qd2 h6 6. Bxf6 Bxf6 7. f4 Bg7 8. Nf3 c6 9. Bd3 Bg4 10. Ne2 Nd7 11. 0-0 e5 12. fxe5 dxe5 13. Bc4 0-0 14. c3 Qe7 15. Qe3 Kh7 16. h3 Bxf3 17. Rxf3 exd4 18. cxd4 c5 19. Bd5 cxd4 20. Nxd4 Nf6 21. Nb3 Rad8 22. Qxa7 Nxd5 23. exd5 Rxd5 24. Rf2 Rfd8 25. Raf1 f5 26. Rc2 R8d7 27. Qf2 Be5 28. Qe2 Qh4 29. Nd2 Qg3 30. Nf3 Bb8 31. Qe6 Rd1 32. Qe2 Ba7+ 33. Kh1 Rxf1+ 34. Qxf1 g5 35. Rd2 Rc7 36. Qd1 Re7 37. Rd7 Rg7 38. Rxg7+ Kxg7 39. Qd7+ Kf6 40. Qxb7 Bb8 41. Qc6+ Bd6 42. Qd5 g4 43. hxg4 fxg4 44. Qd4+ Kf7 45. Qd5+ Kf8 46. Qf5+ Kg7 47. Qd7+ Kf8 48. Qd8+ Kf7 49. Qh4 Qf4 50. Ng1 Kg6 51. g3 Qe4+ 52. Kh2 Be7 0-1

[Event "MNT-chTB"]
[Site "Andrijevica"]
[Date "2012.09.30"]
[Round "9"]
[White "Stojanovic, Slobodan"]
[Black "Andjic, Milonja"]
[Result "0-1"]
[WhiteElo "1911"]
[BlackElo "2088"]
[PlyCount "62"]
[EventDate "2012.09.14"]
[EventType "team-tourn"]
[EventRounds "9"]
[EventCountry "MNE"]
[SourceTitle "CBM 150 Extra"]
[Source "ChessBase"]
[SourceDate "2012.10.19"]
[SourceVersion "1"]
[SourceVersionDate "2012.10.19"]
[SourceQuality "1"]

1. e4 c5 2. Bc4 e6 3. Nc3 a6 4. a4 Nc6 5. Nf3 b6 6. 0-0 Bb7 7. d4 cxd4 8. Nxd4 Qc7 9. Be3 Nxd4 10. Bxd4 Qxc4 11. Bxb6 Nf6 12. h3 Bc5 13. Bxc5 Qxc5 14. a5 0-0 15. Qe2 d5 16. exd5 Nxd5 17. Nxd5 Qxd5 18. f3 Rac8 19. c3 Qc4 20. Qxc4 Rxc4 21. Rfd1 Bd5 22. Rd2 Rb8 23. Rad1 Rb5 24. Kf2 Rxa5 25. g4 Rb5 26. h4 a5 27. h5 h6 28. Kg3 a4 29. f4 a3 30. bxa3 Rxc3+ 31. Rd3 Rbb3 0-1

[Event "MNT-chT 2nd League"]
[Site "Podgorica"]
[Date "2006.10.22"]
[Round "6"]
[White "Kadic, Branislav"]
[Black "Andjic, Milonja"]
[Result "1/2-1/2"]
[WhiteElo "1930"]
[BlackElo "2110"]
[PlyCount "107"]
[EventDate "2006.09.03"]
[EventType "team-swiss"]
[EventRounds "7"]
[EventCountry "MNE"]
[SourceTitle "EXT 2023"]
[Source "ChessBase"]
[SourceDate "2022.10.05"]
[SourceVersion "1"]
[SourceVersionDate "2022.10.05"]
[SourceQuality "1"]

1. d4 Nf6 2. Nf3 e6 3. Bf4 b6 4. e3 Bb7 5. Bd3 Be7 6. Nbd2 d5 7. c3 c5 8. Rc1 0-0 9. 0-0 Nbd7 10. Bb1 Re8 11. Re1 Nh5 12. Bg3 Nxg3 13. hxg3 f5 14. a3 Bf6 15. Qc2 g6 16. b4 Rc8 17. Qa4 a6 18. bxc5 bxc5 19. Qb3 Bc6 20. c4 Qa5 21. Bd3 Kg7 22. Qa2 Qb6 23. Rb1 Qa7 24. cxd5 Bxd5 25. Bc4 Nb6 26. dxc5 Nxc4 27. Nxc4 Rxc5 28. Rec1 Rec8 29. Nfd2 Qc7 30. Rb4 a5 31. Ra4 Bc6 32. Qb3 Bxa4 33. Qxa4 Qc6 34. Qb3 Rb5 35. Qd3 Qd5 36. Qf1 Rbc5 37. Kh2 Rd8 38. Nb3 Rb5 39. Ncxa5 Rxb3 40. Rc7+ Kh6 41. Nxb3 Qxb3 42. Qa6 Qd1 43. f3 Be5 44. Rc4 Qd6 45. Rc6 Qd3 46. Qa7 Rd7 47. Qc5 Bd6 48. Qc1 Qxa3 49. Qc4 Qxe3 50. Rxd6 Rxd6 51. Qh4+ Kg7 52. Qe7+ Kg8 53. Qe8+ Kg7 54. Qe7+ 1/2-1/2

[Event "MNT-chT 2nd League"]
[Site "Podgorica"]
[Date "2006.09.24"]
[Round "3"]
[White "Mihaljevic, Mitar"]
[Black "Andjic, Milonja"]
[Result "1-0"]
[WhiteElo "2093"]
[BlackElo "2110"]
[PlyCount "47"]
[EventDate "2006.09.03"]
[EventType "team-swiss"]
[EventRounds "7"]
[EventCountry "MNE"]
[SourceTitle "EXT 2023"]
[Source "ChessBase"]
[SourceDate "2022.10.05"]
[SourceVersion "1"]
[SourceVersionDate "2022.10.05"]
[SourceQuality "1"]

1. e4 c5 2. Nf3 d6 3. d4 cxd4 4. Nxd4 Nf6 5. Nc3 g6 6. Be3 Bg7 7. f3 Nc6 8. Qd2 0-0 9. 0-0-0 Re8 10. g4 a6 11. h4 h5 12. Nxc6 bxc6 13. e5 Nd5 14. Nxd5 cxd5 15. gxh5 dxe5 16. hxg6 fxg6 17. Bd3 Qd6 18. Bxg6 Qxg6 19. Rdg1 Qc6 20. Bh6 Bf5 21. Bxg7 Kh7 22. Rg5 e6 23. Rhg1 Qc5 24. Bxe5 1-0